<?xml version="1.0" encoding="UTF-8"?><marc:collection xmlns:marc="http://www.loc.gov/MARC21/slim">
  <marc:record>
    <marc:leader>00000nam##2200000za#4500</marc:leader>
    <marc:controlfield tag="001">9.625305</marc:controlfield>
    <marc:controlfield tag="003">CaOODSP</marc:controlfield>
    <marc:controlfield tag="005">20200706134923</marc:controlfield>
    <marc:controlfield tag="007">ta</marc:controlfield>
    <marc:controlfield tag="008">150406|2000||||xxc|||||     f|0| 0 fre|d</marc:controlfield>
    <marc:datafield tag="020" ind1=" " ind2=" ">
      <marc:subfield code="a">0-662-84669-9</marc:subfield>
    </marc:datafield>
    <marc:datafield tag="022" ind1=" " ind2=" ">
      <marc:subfield code="a">1200-5231</marc:subfield>
    </marc:datafield>
    <marc:datafield tag="040" ind1=" " ind2=" ">
      <marc:subfield code="a">CaOODSP</marc:subfield>
      <marc:subfield code="b">fre</marc:subfield>
    </marc:datafield>
    <marc:datafield tag="043" ind1=" " ind2=" ">
      <marc:subfield code="a">n-cn---</marc:subfield>
    </marc:datafield>
    <marc:datafield tag="086" ind1="1" ind2=" ">
      <marc:subfield code="a">CS11-0019/148F</marc:subfield>
    </marc:datafield>
    <marc:datafield tag="245" ind1="0" ind2="3">
      <marc:subfield code="a">Le marché du travail canadien des années 1990 / </marc:subfield>
      <marc:subfield code="c">par Garnett Picot et Andrew Heisz. </marc:subfield>
    </marc:datafield>
    <marc:datafield tag="260" ind1=" " ind2=" ">
      <marc:subfield code="a">Ottawa - Ontario : </marc:subfield>
      <marc:subfield code="b">Statistique Canada. </marc:subfield>
      <marc:subfield code="c">2000.</marc:subfield>
    </marc:datafield>
    <marc:datafield tag="300" ind1=" " ind2=" ">
      <marc:subfield code="a">42p. : </marc:subfield>
      <marc:subfield code="b">figures, références ; </marc:subfield>
      <marc:subfield code="c">28 cm.</marc:subfield>
    </marc:datafield>
    <marc:datafield tag="490" ind1="1" ind2=" ">
      <marc:subfield code="a">Documents de recherche</marc:subfield>
      <marc:subfield code="x">1200-5231</marc:subfield>
      <marc:subfield code="v">N° 148</marc:subfield>
    </marc:datafield>
    <marc:datafield tag="500" ind1=" " ind2=" ">
      <marc:subfield code="a">«Nous fournissons dans le présent document un aperçu détaillé du rendement du travail pendant les années 1990, ainsi qu'une analyse de la façon dont il a dévié par rapport à celui des années 1980... Le document est axé a) sur les résultats au niveau macro-économique, et b) sur les résultats répartis... Les résultats répartis ont retenu une bonne partie de l'attention sur le marché du travail pendant les années 1980 et 1990...qui gagne et qui perd... Le documentes termine par un examen du rendement global du marché du travail pendant les années 1990 comparativement à celui des années 1980.»--Résumé.</marc:subfield>
    </marc:datafield>
    <marc:datafield tag="520" ind1="3" ind2=" ">
      <marc:subfield code="a">Nous fournissons dans le présent document un aperçu détaillé du rendement du travail pendant les années 1990, ainsi qu'une analyse de la façon dont il a dévié par rapport à celui des années 1980... Le document est axé a) sur les résultats au niveau macro-économique, et b) sur les résultats répartis... Les résultats répartis ont retenu une bonne partie de l'attention sur le marché du travail pendant les années 1980 et 1990...qui gagne et qui perd... Le documentes termine par un examen du rendement global du marché du travail pendant les années 1990 comparativement à celui des années 1980.--Résumé</marc:subfield>
    </marc:datafield>
    <marc:datafield tag="563" ind1=" " ind2=" ">
      <marc:subfield code="a">Couverture souple</marc:subfield>
    </marc:datafield>
    <marc:datafield tag="590" ind1=" " ind2=" ">
      <marc:subfield code="a">00-19</marc:subfield>
      <marc:subfield code="b">2000-05-12</marc:subfield>
    </marc:datafield>
    <marc:datafield tag="710" ind1="2" ind2=" ">
      <marc:subfield code="a">Statistique Canada. </marc:subfield>
      <marc:subfield code="b">Direction des études analytiques.</marc:subfield>
    </marc:datafield>
    <marc:datafield tag="720" ind1="1" ind2=" ">
      <marc:subfield code="a">Sweetman, Arthur</marc:subfield>
    </marc:datafield>
    <marc:datafield tag="720" ind1="1" ind2=" ">
      <marc:subfield code="a">Heisz, Andrew</marc:subfield>
    </marc:datafield>
    <marc:datafield tag="775" ind1="0" ind2="8">
      <marc:subfield code="t">The performance of the 1990s Canadian labour market / </marc:subfield>
      <marc:subfield code="w">(CaOODSP)9.615165</marc:subfield>
    </marc:datafield>
    <marc:datafield tag="776" ind1="0" ind2="#">
      <marc:subfield code="t">Le marché du travail des années 1990 / </marc:subfield>
      <marc:subfield code="w">(CaOODSP)9.604410</marc:subfield>
    </marc:datafield>
    <marc:datafield tag="830" ind1="#" ind2="0">
      <marc:subfield code="a">Documents de recherche,</marc:subfield>
      <marc:subfield code="x">1200-5231</marc:subfield>
      <marc:subfield code="v">N° 148</marc:subfield>
      <marc:subfield code="w">(CaOODSP)9.512877</marc:subfield>
    </marc:datafield>
  </marc:record>
</marc:collection>
